000
00295nam a22001337a 4500
008
181023b xxu||||| |||| 00| 0 eng d
020
_a
9780312452759
041
_a
eng
080
_2
5th
_a
371
100
_a
46
101
_a
EDU
245
_a
A Pocket Style Manual
_c
Hacker,D
942
_2
udc
_c
BK
999
_c
50718
_d
50718